00563nam a22002057a 450000500170000001000110001702000100002803500110003803700160004904000120006508200130007710000180009024500890010826000320019727000330022930000240026250000330028665000300031965000080034920170124110103.0 a796938 c00.00 a796938 bCen Lib/Ret aDPLbEN a944bFIS aFisher, John  aAirlift 1870 :cby John Fisher bthe balloon and pigeon post in the siege of paris / bMax Parrish c1965aLondon  bLondon a1-5 portpool lane  aix, 166p.c21cm(Hb) aIncludes appendix and index  aHistory zAncient greece  aWar